Szczegóły MARC21

Ekonomia : mikroekonomia /

003 -Nazwa inst., której nr kontr. jest w polu 001 [,]
    • @
    • Nazwa instytucji, której n kontrolny jest w polu 001
    • NUKAT
005 -DATA I CZAS OSTATNIEJ MODYFIKACJI [,]
    • @
    • pole kontrolne
    • 20250623150121.0
020 -Międzynarod. znormalizowany nr książki - ISBN [ , ]
    • a
    • Numer ISBN
    • 8320812070 Find
020 -Międzynarod. znormalizowany nr książki - ISBN [ , ]
    • a
    • Numer ISBN
    • 8320812054 Find
040 -Instytucja sporządzająca opis [ , ]
    • a
    • Instytucja, która sporządziła opis (NP)
    • KR 7/MN
    • b
    • Język katalogowania
    • pol
    • e
    • Zasady katalogowania
    • rda
    • c
    • Instytucja, która sporządziła rekord (NP)
    • KR 7/MN
    • d
    • Instytucja, która zmodyfikowała rekord (P)
    • KR 7/EG
    • d
    • Instytucja, która zmodyfikowała rekord (P)
    • KR 7/CPs
    • d
    • Instytucja, która zmodyfikowała rekord (P)
    • KR 7/TS
    • d
    • Instytucja, która zmodyfikowała rekord (P)
    • GL 001/FAK
041 -Język dokumentu [1, ]
    • a
    • Język tekstu (P)
    • polski
    • h
    • Język tekstu oryginalnego i/lub pośredniego (P)
    • angielski
942 -Rodzaj dokumentu [ , ]
    • c
    • Rodzaj dokumentu
    • Książka
100 -Hasło główne - nazwa osobowa [1, ]
    • a
    • Nazwa osobowa (NP)
    • Begg, David K. H.
    • e
    • Rodzaj współpracy
    • Autor
    • 9
    • KHW
    • 832
240 -Tytuł ujednolicony [1,0]
    • a
    • Tytuł ujednolicony
    • Economics
    • l
    • Język tekstu
    • (pol.)
    • 9
    • KHW
    • 849
245 -Strefa tytułu i oznaczenia odpowiedzialności [1,0]
    • a
    • Tytuł
    • Ekonomia : Find
    • b
    • Ciąg dalszy tytułu (NP)
    • mikroekonomia / Find
    • c
    • Pozostałe elementy strefy tytułu i oznaczenia odpowiedzialności (NP)
    • David Begg, Stanley Fischer, Rudiger Dornbusch ; redakcja naukowa Bogusław Czarny, Zbigniew Matkowski, Ryszard Rapacki ; tłumaczenie Bogusław Czarny [i 6 pozostałych].
246 -Wariant tytułu [3,0]
    • a
    • Tytuł (NP)
    • Mikroekonomia
250 -Strefa wydania [ , ]
    • a
    • Oznaczenie wydania (NP)
    • Wydanie II zmienione.
260 -Strefa adresu wydawniczego [ , ]
    • a
    • Miejsce wydania (P)
    • Warszawa :
    • b
    • Nazwa wydawcy (P)
    • Polskie Wydawnictwo Ekonomiczne,
    • c
    • Data wydania (P)
    • 1999.
300 -Strefa opisu fizycznego [ , ]
    • a
    • Określenie formy książki i/lub objętość (NP)
    • 570 stron :
    • b
    • Oznaczenie ilustracji (NP)
    • ilustracje ;
    • c
    • Format (NP)
    • 24 cm.
336 -Typ zawartości [ , ]
    • a
    • Termin opisujący typ zawartości
    • Tekst
    • b
    • Kod określający zawartość
    • txt
    • 2
    • Źródło (terminu i kodu)
    • rdacontent
337 -Typ mediów [ , ]
    • a
    • Tryb odtwarzania
    • Bez urządzenia pośredniczącego
    • b
    • Kod typu mediów
    • n
    • 2
    • Źródło (terminu i kodu)
    • rdamedia
338 -Typ/rodzaj nośnika [ , ]
    • a
    • Hasło opisujące typ nośnika
    • Wolumin
    • b
    • Kod typu nośnika
    • nc
    • 2
    • Źródło (terminu i kodu)
    • rdacarrier
080 -Uniwersalna Klasyfikacja Dziesiętna [ , ]
    • a
    • Symbol klasyfikacji
    • 33(075.8)
650 -Hasło przedmiotowe [ ,7]
    • a
    • Hasło przedmiotowe
    • Mikroekonomia
    • v
    • Określnik formalny
    • podręczniki akademickie.
    • 2
    • Źródło terminu
    • kaba
    • 9
    • KHW
    • 352804
980 -Symbol UKD [ , ]
    • a
    • UKD
    • 33(075.8)
700 -Hasło dodatkowe - nazwa osobowa [1, ]
    • a
    • Nazwa osobowa (NP)
    • Fischer, Stanley Find
    • d
    • Daty biograficzne (NP)
    • (1943-2025).
    • e
    • Określenie rodzaju współpracy
    • Autor
    • 9
    • KHW
    • 834
700 -Hasło dodatkowe - nazwa osobowa [1, ]
    • a
    • Nazwa osobowa (NP)
    • Dornbusch, Rudiger Find
    • d
    • Daty biograficzne (NP)
    • (1942-2002).
    • e
    • Określenie rodzaju współpracy
    • Autor
    • 9
    • KHW
    • 836
700 -Hasło dodatkowe - nazwa osobowa [1, ]
    • a
    • Nazwa osobowa (NP)
    • Rapacki, Ryszard. Find
    • e
    • Określenie rodzaju współpracy
    • Redakcja
    • 9
    • KHW
    • 838
700 -Hasło dodatkowe - nazwa osobowa [1, ]
    • a
    • Nazwa osobowa (NP)
    • Matkowski, Zbigniew. Find
    • e
    • Określenie rodzaju współpracy
    • Redakcja
    • 9
    • KHW
    • 15178
700 -Hasło dodatkowe - nazwa osobowa [1, ]
    • a
    • Nazwa osobowa (NP)
    • Czarny, Bogusław Find
    • d
    • Daty biograficzne (NP)
    • (1957- ).
    • e
    • Określenie rodzaju współpracy
    • Redakcja
    • e
    • Określenie rodzaju współpracy
    • Tłumaczenie
    • 9
    • KHW
    • 843
710 -Hasło dodatkowe - nazwa ciała zbiorowego [2, ]
    • a
    • Nazwa ciała zbiorowego lub nazwa geograficzna jako pierwszy element (NP)
    • Polskie Wydawnictwo Ekonomiczne.
    • e
    • Rodzaj współpracy
    • Wydawca
    • 4
    • Kod relacji
    • pbl
    • 9
    • KHW
    • 50784
920 -ISBN [ , ]
    • a
    • ISBN
    • 83-208-1207-0 Find
920 -ISBN [ , ]
    • a
    • ISBN
    • 83-208-1205-4 Find
Lokalizacja Data inwentaryzacji Numer inwentarzowy Status udost.
BE1999-07-01S.839612
BE1999-07-01S.839622
BE1999-07-01S.83963-6
BE1999-07-01S.83964-6
BE1999-07-01S.839652
BE1999-07-01S.839662
BE1999-07-01S.839672
BE1999-07-01S.839682
BE1999-07-01S.839692
BE1999-07-01S.839702
BE2000-02-25E.66583-2
BE2000-02-25S.855032
BE2000-02-25S.85504-3